000 00582nam a22001937a 4500
003 0
005 20241019110816.0
008 241019b xxu||||| |||| 00| 0 eng d
020 _a9780357678091
050 _aTK 5105.59
_b.C53 2024
100 _aCiampa, Mark D.,
_eauthor.
245 _aCompTIA CySA+ :
_bguide to cybersecurity analyst /
_cMark Ciampa.
250 _a2nd ed.
260 _aBoston, MA :
_bCengage,
_c2024.
300 _axv, 352 p. :
_bcol. ill. ;
_c28 cm.
504 _aIncludes index.
650 _aComputer security
_vExaminations
_xStudy guides.
942 _2lcc
_cBK
999 _c366596
_d366596